000 00675nam a2200217Ii 4500
003 JO-AjNU
008 230605s9999||||xx |||||||||||||| ||und||
017 _a2014/4/1742
040 _aJO-AjNU
_bara
_erda
_cJO-AjNU
041 _aara
050 1 4 _aBP130.4 2015
100 3 _aإعداد عبد الكريم، هاني محمد,
_eauthor
_950841
245 0 0 _aخواطر الشعراوي في لغة القرآن الكريم
250 _aط1
264 3 1 _aعمان: المؤلف، 2015
300 _a64ص
336 _atext
_btxt
_2rdacontent
337 _aunmediated
_bn
_2rdamedia
338 _avolume
_bnc
_2rdacarrier
650 4 _aالقرآن- تفاسير
_950842
999 _aA22420
_c25988
_d25988